| 000 | 01592cam a22003498i 4500 | ||
|---|---|---|---|
| 001 | 21302923 | ||
| 003 | NUST | ||
| 005 | 20220825125627.0 | ||
| 008 | 191122s2020 mau b 000 0 eng | ||
| 010 | _a 2019052915 | ||
| 020 |
_a9781567926651 _q(hardcover) |
||
| 038 | _aAzhar | ||
| 040 |
_aDLC _beng _erda _cDLC |
||
| 042 | _apcc | ||
| 050 | 0 | 0 |
_aPE1421 _b.F37 2020 |
| 082 | 0 | 0 |
_a808.02 _223 _bFAR |
| 100 | 1 |
_aFarnsworth, Ward, _d1967- _eauthor. _996567 |
|
| 245 | 1 | 0 |
_aFarnsworth's classical English style _cWard Farnsworth. |
| 246 | 3 | 0 | _aClassical English style |
| 260 |
_aBoston _bDavid R. Godine, Publisher, _c2020 |
||
| 263 | _a2004 | ||
| 300 | _a145p | ||
| 336 |
_atext _btxt _2rdacontent |
||
| 337 |
_aunmediated _bn _2rdamedia |
||
| 338 |
_avolume _bnc _2rdacarrier |
||
| 504 | _aIncludes bibliographical references. | ||
| 520 |
_a"Farnsworth's Classical English Style is third in a series about principles of good writing, derived from an earlier age in the life of the language. While books on style usually emphasize some general principles, this book spends a lot of time on details, providing numerous examples of the principles Farnsworth outlines. Farnsworth asks why good writing sounds that way through many small choices in words, rhythm, and the construction of sentences and explains how those choices put force into writing and speech"-- _cProvided by publisher. |
||
| 650 | 0 |
_aEnglish language _xStyle. _996568 |
|
| 906 |
_a7 _bcbc _corignew _d1 _eecip _f20 _gy-gencatlg |
||
| 942 |
_2ddc _cLC |
||
| 999 |
_c590789 _d590789 |
||